[Event "Helsingor Xtracon op"]
[Site "Helsingor"]
[Date "2019.07.27"]
[Round "9"]
[White "Tryggestad, Andreas Garberg"]
[Black "Bratholm, Palle Skov"]
[Result "1-0"]
[WhiteElo "2336"]
[BlackElo "2052"]
[PlyCount "41"]
[EventDate "2019.07.20"]
[EventType "swiss"]
[EventRounds "10"]
[EventCountry "DEN"]
[SourceTitle "CBM 191 Extra"]
[Source "ChessBase"]
[SourceDate "2019.09.30"]
[SourceVersion "1"]
[SourceVersionDate "2019.09.30"]
[SourceQuality "1"]

1. d4 d5 2. c4 e6 3. Nf3 c5 4. cxd5 exd5 5. g3 Nc6 6. Bg2 Nf6 7. 0-0 Bg4 8. dxc5 Bxc5 9. Bg5 Be7 10. Nc3 Be6 11. Nb5 0-0 12. Nbd4 h6 13. Nxe6 fxe6 14. Be3 e5 15. Qb3 Na5 16. Qc2 Ng4 17. Bd2 Nc6 18. Qg6 e4 19. Qxg4 exf3 20. Bxf3 Ne5 21. Qe6+ 1-0

[Event "Helsingor Xtracon op"]
[Site "Helsingor"]
[Date "2019.07.24"]
[Round "6"]
[White "Bratholm, Palle Skov"]
[Black "Hempler, Poul"]
[Result "1-0"]
[WhiteElo "2052"]
[BlackElo "1856"]
[PlyCount "31"]
[EventDate "2019.07.20"]
[EventType "swiss"]
[EventRounds "10"]
[EventCountry "DEN"]
[SourceTitle "CBM 191 Extra"]
[Source "ChessBase"]
[SourceDate "2019.09.30"]
[SourceVersion "1"]
[SourceVersionDate "2019.09.30"]
[SourceQuality "1"]

1. d4 d5 2. c4 c6 3. Nc3 Nf6 4. e3 Bf5 5. cxd5 cxd5 6. Qb3 Qd7 7. Nf3 e6 8. Ne5 Qc8 9. Bb5+ Nbd7 10. Bd2 a6 11. Rc1 Qb8 12. Nxd7 Nxd7 13. Bxd7+ Kxd7 14. Nxd5 exd5 15. Qxd5+ Qd6 16. Qxb7+ 1-0

[Event "Helsingor Xtracon op"]
[Site "Helsingor"]
[Date "2019.07.21"]
[Round "2"]
[White "Bratholm, Palle Skov"]
[Black "Vaishali, Ramesh Babu"]
[Result "0-1"]
[WhiteElo "2052"]
[BlackElo "2344"]
[PlyCount "64"]
[EventDate "2019.07.20"]
[EventType "swiss"]
[EventRounds "10"]
[EventCountry "DEN"]
[SourceTitle "CBM 191 Extra"]
[Source "ChessBase"]
[SourceDate "2019.09.30"]
[SourceVersion "1"]
[SourceVersionDate "2019.09.30"]
[SourceQuality "1"]

1. d4 Nf6 2. c4 c5 3. d5 b5 4. Qc2 bxc4 5. e4 e6 6. Bxc4 exd5 7. exd5 d6 8. Ne2 Be7 9. Nbc3 0-0 10. 0-0 Nbd7 11. Ng3 Nb6 12. b3 Nxc4 13. bxc4 Ng4 14. Nd1 Bf6 15. Rb1 Re8 16. Ne3 Ne5 17. Ne4 Ng6 18. Nxf6+ Qxf6 19. Qa4 Bf5 20. Bb2 Qg5 21. Nxf5 Qxf5 22. Rbe1 Reb8 23. Bc3 Nf4 24. Bd2 Nd3 25. Re7 h5 26. Rxa7 Rxa7 27. Qxa7 Rb2 28. Be3 Ne5 29. Qa6 Rb1 30. Qxd6 Rxf1+ 31. Kxf1 Qb1+ 32. Ke2 Qc2+ 0-1

[Event "HK-chT 1819 Series B"]
[Site "Denmark"]
[Date "2019.01.18"]
[Round "4"]
[White "Jarulf, Birger"]
[Black "Bratholm, Palle Skov"]
[Result "0-1"]
[WhiteElo "1727"]
[BlackElo "2063"]
[PlyCount "38"]
[EventDate "2018.11.02"]
[EventType "team-tourn"]
[EventRounds "7"]
[EventCountry "DEN"]
[SourceTitle "EXT 2025"]
[Source "ChessBase"]
[SourceDate "2024.10.14"]
[SourceVersion "1"]
[SourceVersionDate "2024.10.14"]
[SourceQuality "1"]
[WhiteTeam "Frederiksvark II"]
[BlackTeam "NSK"]
[WhiteTeamCountry "DEN"]
[BlackTeamCountry "DEN"]

1. d4 d5 2. Bf4 Nf6 3. e3 e6 4. Nd2 b6 5. Bd3 Ba6 6. Bxa6 Nxa6 7. Qe2 Nb4 8. Nf1 c5 9. c3 Nc6 10. Nf3 Be7 11. Ne5 Nxe5 12. dxe5 Nd7 13. e4 c4 14. exd5 exd5 15. b4 a5 16. Rb1 axb4 17. cxb4 Ra4 18. Qd2 Qa8 19. Rb2 d4 0-1